[Event "CYCC U14"]
[Site "Calgary CAN"]
[Date "2023.07.22"]
[Round "7.71"]
[White "Wu, Jonathan"]
[Black "Tran, Tri"]
[Result "1-0"]
[WhiteElo "2075"]
[BlackElo "1675"]
[PlyCount "115"]
[EventDate "2023.07.19"]
[EventType "swiss"]
[EventRounds "7"]
[EventCountry "CAN"]

1. e4 c5 2. Nc3 d6 3. d4 cxd4 4. Qxd4 Nc6 5. Qd2 g6 6. b3 Bg7 7. Bb2 Nf6 8.
O-O-O O-O 9. f3 Qa5 10. Kb1 Be6 11. Nge2 Rfd8 12. Nd5 Qxd2 13. Rxd2 Bxd5 14.
exd5 Nb8 15. g3 Na6 16. c4 e6 17. dxe6 fxe6 18. Bh3 Kf7 19. Nf4 Nc7 20. Rhd1 e5
21. Nd3 Ke7 22. Ba3 Nfe8 23. f4 exf4 24. Nxf4 Be5 25. Nd3 Bf6 26. Nf2 Kf7 27.
Ne4 Be5 28. Nxd6+ Nxd6 29. Bxd6 Bxd6 30. Rxd6 Rxd6 31. Rxd6 Re8 32. Rd7+ Re7
33. Rxe7+ Kxe7 34. Kc2 Kd6 35. Kd3 Ke5 36. b4 b6 37. c5 bxc5 38. Kc4 cxb4 39.
Kxb4 Kd4 40. Bg2 h6 41. g4 g5 42. a4 Ne6 43. Kb5 Ke5 44. a5 Nd4+ 45. Ka6 Nb3
46. Bf3 Nd4 47. Bd1 h5 48. Ba4 hxg4 49. Kxa7 Kd6 50. Kb6 Ne6 51. a6 Nc7 52. a7
Nd5+ 53. Kb7 Nc7 54. Bc6 g3 55. hxg3 g4 56. Be4 Na8 57. Kxa8 Kc7 58. Bf5 1-0

[Event "CYCC U14"]
[Site "Calgary CAN"]
[Date "2023.07.22"]
[Round "7.72"]
[White "Singh Dhaliwal, Jaipreet"]
[Black "Ossine, Nicholas"]
[Result "1-0"]
[WhiteElo "2028"]
[BlackElo "1593"]
[PlyCount "77"]
[EventDate "2023.07.19"]
[EventType "swiss"]
[EventRounds "7"]
[EventCountry "CAN"]

1. e4 c6 2. d4 d5 3. e5 c5 4. c3 Nc6 5. Nf3 cxd4 6. cxd4 Bg4 7. Bb5 e6 8. Be3
Nge7 9. Nbd2 Qa5 10. Qb3 Bxf3 11. gxf3 Nf5 12. Bxc6+ bxc6 13. Qb7 Qd8 14. Qxc6+
Ke7 15. Rc1 Nxe3 16. fxe3 g5 17. Qb7+ Ke8 18. Rc7 Bb4 19. Qb5+ Kf8 20. Qxb4+
Kg7 21. Qe7 Qxe7 22. Rxe7 Rhc8 23. Ke2 Rab8 24. Rb1 Rc2 25. Rxa7 Rbxb2 26. Rxb2
Rxb2 27. a4 Ra2 28. a5 Ra1 29. a6 Rg1 30. Rb7 Rg2+ 31. Kd3 Rg1 32. Rb1 h5 33.
Rxg1 f6 34. exf6+ Kf7 35. a7 e5 36. dxe5 d4 37. a8=Q g4 38. Qd5+ Kf8 39. Ra1
1-0

[Event "CYCC U14"]
[Site "Calgary CAN"]
[Date "2023.07.22"]
[Round "7.73"]
[White "Murali, Dhruv"]
[Black "Wu, Nolan"]
[Result "1/2-1/2"]
[WhiteElo "1560"]
[BlackElo "1983"]
[PlyCount "65"]
[EventDate "2023.07.19"]
[EventType "swiss"]
[EventRounds "7"]
[EventCountry "CAN"]

1. b3 Nf6 2. Bb2 g6 3. e3 Bg7 4. d4 c5 5. Nf3 cxd4 6. exd4 d5 7. Nbd2 Nc6 8. a3
O-O 9. Bd3 e5 10. Nxe5 Re8 11. O-O Qc7 12. Nxc6 bxc6 13. Nf3 Nh5 14. Qd2 h6 15.
Ne5 g5 16. c4 Be6 17. c5 f5 18. Qc2 Rf8 19. Rfe1 Rae8 20. b4 Nf4 21. a4 h5 22.
b5 h4 23. Bc1 Bxe5 24. dxe5 Nxd3 25. Qxd3 f4 26. Qg6+ Qg7 27. Qxg7+ Kxg7 28. b6
a6 29. Bb2 Rb8 30. f3 Kg6 31. h3 Kg7 32. Bd4 Rb7 33. a5 1/2-1/2

[Event "CYCC U14"]
[Site "Calgary CAN"]
[Date "2023.07.22"]
[Round "7.74"]
[White "Koo, Minjun"]
[Black "Wang, Andy"]
[Result "1/2-1/2"]
[WhiteElo "1661"]
[BlackElo "1960"]
[PlyCount "95"]
[EventDate "2023.07.19"]
[EventType "swiss"]
[EventRounds "7"]
[EventCountry "CAN"]

1. d4 d5 2. Nc3 Nf6 3. Bf4 e6 4. Nb5 Bb4+ 5. c3 Ba5 6. a4 a6 7. b4 Bd7 8. e3
Bb6 9. a5 axb5 10. axb6 Rxa1 11. Qxa1 cxb6 12. Bd3 O-O 13. Nf3 Bc6 14. O-O Nbd7
15. Qb2 Ne4 16. Nd2 Nxd2 17. Qxd2 Nf6 18. h3 Qd7 19. Ra1 Rc8 20. Ra3 Qe8 21.
Qe2 Ra8 22. Qa2 Ra4 23. Bc2 Rxa3 24. Qxa3 Qd8 25. Bg5 Qb8 26. Bxf6 gxf6 27. Qa2
e5 28. Qb1 e4 29. Qa2 f5 30. g3 Kg7 31. Bb3 Qd6 32. Qe2 Qg6 33. Kh2 Qh6 34. Bd1
Bd7 35. Qh5 Qc6 36. Qg5+ Kf8 37. Qd8+ Be8 38. Be2 Kg7 39. Qg5+ Qg6 40. Qxg6+
fxg6 41. g4 Kf6 42. gxf5 g5 43. Kg3 h5 44. h4 Kxf5 45. Bd1 Kg6 46. Be2 Bd7 47.
Bd1 Bf5 48. Be2 1/2-1/2

[Event "CYCC U14"]
[Site "Calgary CAN"]
[Date "2023.07.22"]
[Round "7.75"]
[White "Sundara Rajan, Inbhavenkat"]
[Black "Huang, Winston"]
[Result "1-0"]
[WhiteElo "1758"]
[BlackElo "1460"]
[PlyCount "133"]
[EventDate "2023.07.19"]
[EventType "swiss"]
[EventRounds "7"]
[EventCountry "CAN"]

1. e4 e5 2. Nf3 Nc6 3. Bb5 a6 4. Ba4 Nf6 5. O-O Be7 6. Re1 b5 7. Bb3 O-O 8. a4
b4 9. c3 a5 10. d4 bxc3 11. Nxc3 d6 12. h3 Bb7 13. Bg5 h6 14. Bh4 Re8 15. Bg3
Bf8 16. Rc1 g6 17. Qd2 Bg7 18. d5 Nb4 19. Na2 Nxa2 20. Bxa2 Qd7 21. Bb3 c6 22.
Bc4 Rec8 23. b3 c5 24. Qd3 Ne8 25. Re2 Nc7 26. Ne1 Ba6 27. Rcc2 Bxc4 28. Qxc4
Na6 29. Nd3 Rcb8 30. f3 Nb4 31. Rb2 f5 32. Be1 f4 33. Nxb4 cxb4 34. Rbc2 Rc8
35. Qd3 Bf6 36. Bf2 Bd8 37. Kh2 Qb7 38. Red2 Bb6 39. Bxb6 Qxb6 40. Rc4 Rxc4 41.
Qxc4 Qc5 42. Qxc5 dxc5 43. Kg1 Kf7 44. Kf2 Rc8 45. Rc2 Ke7 46. Rc4 g5 47. Ke2
Kd6 48. Kd3 Rc7 49. Rc1 Rc8 50. Kc4 Rb8 51. Rg1 h5 52. g3 fxg3 53. Rxg3 Rg8 54.
Kb5 Rg7 55. Kxa5 Rg8 56. Kb5 Rb8+ 57. Kc4 Rg8 58. a5 Rg7 59. Kb5 Rb7+ 60. Kc4
Rg7 61. Rg2 Rg8 62. a6 Rg7 63. Kb5 Rg8 64. a7 Ra8 65. Kb6 Rg8 66. Rg1 Ra8 67.
Kb7 1-0

[Event "CYCC U14"]
[Site "Calgary CAN"]
[Date "2023.07.22"]
[Round "7.76"]
[White "Pollitt, Henry"]
[Black "Ming, Jerry"]
[Result "1/2-1/2"]
[WhiteElo "1467"]
[BlackElo "1756"]
[PlyCount "70"]
[EventDate "2023.07.19"]
[EventType "swiss"]
[EventRounds "7"]
[EventCountry "CAN"]

1. e4 c5 2. c3 Nf6 3. e5 Nd5 4. Nf3 Nc6 5. Be2 e6 6. O-O d6 7. exd6 Bxd6 8. d4
cxd4 9. Nxd4 O-O 10. Nxc6 bxc6 11. c4 Nb6 12. Be3 Be5 13. Qc2 Qf6 14. Nc3 Bxc3
15. bxc3 Ba6 16. Bxb6 axb6 17. c5 Bxe2 18. Qxe2 bxc5 19. Qe3 Ra5 20. a4 Rfa8
21. Rfb1 g6 22. h3 Qf5 23. Rb6 Qd5 24. Qf4 Rxa4 25. Rxa4 Qd1+ 26. Kh2 Qxa4 27.
Rb8+ Kg7 28. Qe5+ Kh6 29. Rxa8 Qxa8 30. Qxc5 Qb8+ 31. g3 Qc8 32. Qe5 Qd7 33.
Qf6 c5 34. Qf4+ Kg7 35. Qe5+ Kg8 1/2-1/2

[Event "CYCC U14"]
[Site "Calgary CAN"]
[Date "2023.07.22"]
[Round "7.77"]
[White "Dupuis, Denis"]
[Black "Tseng, Bradley"]
[Result "1-0"]
[WhiteElo "1065"]
[BlackElo "1734"]
[PlyCount "97"]
[EventDate "2023.07.19"]
[EventType "swiss"]
[EventRounds "7"]
[EventCountry "CAN"]

1. e4 c5 2. Nc3 Nc6 3. f4 g6 4. Nf3 Bg7 5. Bc4 e6 6. O-O Nge7 7. Qe1 O-O 8. d3
d5 9. Bb3 Nd4 10. Nxd4 Bxd4+ 11. Kh1 a6 12. a4 b6 13. f5 exf5 14. Nxd5 Nxd5 15.
Bxd5 Rb8 16. Bf4 Be6 17. Bxe6 fxe6 18. Bxb8 Qxb8 19. exf5 exf5 20. c3 Be5 21.
Qh4 f4 22. Rae1 Rf5 23. Qe7 Qd6 24. Qxd6 Bxd6 25. Re6 Rd5 26. Ree1 g5 27. Rd1
g4 28. d4 c4 29. Rde1 Kf7 30. Re4 Rf5 31. g3 f3 32. Rxg4 b5 33. axb5 axb5 34.
Re4 b4 35. cxb4 Bxb4 36. Rf4 Rxf4 37. gxf4 c3 38. bxc3 Bxc3 39. d5 Bb4 40. Rxf3
Bd6 41. Kg2 Kf6 42. Rh3 Kf5 43. Rxh7 Kxf4 44. Rh5 Be5 45. Kh3 Bd6 46. Rh6 Ke5
47. Rxd6 Kxd6 48. Kg4 Kxd5 49. Kf5 1-0

[Event "CYCC U14"]
[Site "Calgary CAN"]
[Date "2023.07.22"]
[Round "7.78"]
[White "Xu, Joey"]
[Black "Leung, Joseph"]
[Result "1/2-1/2"]
[WhiteElo "1687"]
[BlackElo "1624"]
[PlyCount "27"]
[EventDate "2023.07.19"]
[EventType "swiss"]
[EventRounds "7"]
[EventCountry "CAN"]

1. e4 c5 2. Nc3 d6 3. d4 cxd4 4. Qxd4 Nc6 5. Qd2 g6 6. b3 Bg7 7. Bb2 Nf6 8.
O-O-O O-O 9. f3 Qa5 10. Kb1 Be6 11. h4 Rfd8 12. Nd5 Qxd2 13. Rxd2 Nh5 14. Ne2
1/2-1/2

[Event "CYCC U14"]
[Site "Calgary CAN"]
[Date "2023.07.22"]
[Round "7.79"]
[White "Bouchard, Nicholas"]
[Black "Joseph, Jonath"]
[Result "0-1"]
[WhiteElo "1443"]
[BlackElo "2057"]
[PlyCount "38"]
[EventDate "2023.07.19"]
[EventType "swiss"]
[EventRounds "7"]
[EventCountry "CAN"]

1. e4 e5 2. Nc3 Nf6 3. f4 d5 4. fxe5 Nxe4 5. Qf3 Nxc3 6. bxc3 c5 7. Qg3 Nc6 8.
Nf3 Bf5 9. d3 d4 10. Bb2 Qb6 11. Ba3 Qa5 12. Bb2 dxc3 13. Bc1 Nb4 14. Kd1 Qa4
15. Ne1 Rd8 16. Qf4 Bxd3 17. Bxd3 Rxd3+ 18. Nxd3 Qxc2+ 19. Ke1 Nxd3+ 0-1

[Event "CYCC U14"]
[Site "Calgary CAN"]
[Date "2023.07.22"]
[Round "7.80"]
[White "Chen, Ricky"]
[Black "Jackson, Mateo"]
[Result "1/2-1/2"]
[WhiteElo "1370"]
[BlackElo "1914"]
[PlyCount "55"]
[EventDate "2023.07.19"]
[EventType "swiss"]
[EventRounds "7"]
[EventCountry "CAN"]

1. d4 Nf6 2. Bg5 c5 3. Bxf6 exf6 4. d5 d6 5. c4 g6 6. Nc3 Bg7 7. Nf3 O-O 8. e3
Bd7 9. Bd3 a6 10. O-O f5 11. Qb3 Qc7 12. a4 b6 13. Qc2 a5 14. Nb5 Bxb5 15. axb5
Nd7 16. Rae1 Ne5 17. Nxe5 Bxe5 18. f4 Bg7 19. e4 Bd4+ 20. Kh1 fxe4 21. Rxe4
Rfe8 22. Rfe1 Rxe4 23. Rxe4 Qd7 24. Qe2 Kf8 25. b3 Re8 26. Rxe8+ Qxe8 27. Qxe8+
Kxe8 28. g3 1/2-1/2

[Event "CYCC U14"]
[Site "Calgary CAN"]
[Date "2023.07.22"]
[Round "7.81"]
[White "Russell, Wesley"]
[Black "Ou Yang, Andrew"]
[Result "1-0"]
[WhiteElo "1723"]
[BlackElo "1077"]
[PlyCount "67"]
[EventDate "2023.07.19"]
[EventType "swiss"]
[EventRounds "7"]
[EventCountry "CAN"]

1. e4 g6 2. d4 Bg7 3. Nf3 d6 4. Be3 Bg4 5. Bc4 Nf6 6. Nc3 Nc6 7. h3 Bxf3 8.
Qxf3 O-O 9. O-O-O Qc8 10. g4 Na5 11. Be2 c5 12. dxc5 dxc5 13. g5 Nd7 14. Nd5
Re8 15. Qg3 Rb8 16. Bf4 e5 17. Be3 Qc6 18. h4 Nb6 19. Nf6+ Bxf6 20. gxf6 Qxf6
21. h5 Nc6 22. hxg6 fxg6 23. Qh3 Qf7 24. Rdg1 Re6 25. Bg4 Rf6 26. Rd1 Nd4 27.
c3 Nc4 28. cxd4 Nxe3 29. fxe3 cxd4 30. exd4 Rf2 31. Be6 Rc8+ 32. Kb1 Rcc2 33.
Bxf7+ Kf8 34. Qb3 1-0

[Event "CYCC U14"]
[Site "Calgary CAN"]
[Date "2023.07.22"]
[Round "7.82"]
[White "Alpuri, Aaqil"]
[Black "Spiian, Rostyslav"]
[Result "1/2-1/2"]
[WhiteElo "1704"]
[BlackElo "1282"]
[PlyCount "141"]
[EventDate "2023.07.19"]
[EventType "swiss"]
[EventRounds "7"]
[EventCountry "CAN"]

1. d4 d5 2. c4 c6 3. Nc3 Nf6 4. Nf3 Bf5 5. Qb3 Qb6 6. cxd5 Qxb3 7. axb3 Nxd5 8.
e3 e6 9. Nxd5 exd5 10. Bd2 Nd7 11. Be2 Bd6 12. O-O O-O 13. Bc3 Nf6 14. Rfc1 h6
15. b4 a6 16. h3 Ne4 17. Nd2 Nxd2 18. Bxd2 Rfe8 19. Ra2 Rad8 20. Bf1 Bh7 21.
Be2 g5 22. Bf3 Re7 23. Ra3 Rf8 24. Re1 f5 25. Raa1 f4 26. Ra3 Rf6 27. Bg4 Kf8
28. Rb3 Ke8 29. Rc1 Bg6 30. Ra3 Be4 31. Rb3 Rg7 32. Re1 Kd8 33. Rc1 fxe3 34.
Bxe3 Bf4 35. g3 Bxe3 36. Rxe3 Rgf7 37. Re2 Kc7 38. Rd2 Kb6 39. Rc5 Bb1 40. Kg2
Ba2 41. Bd1 Bc4 42. Bc2 Rf3 43. Ra5 Kc7 44. Ra1 b6 45. Ra4 Kd6 46. Ra1 c5 47.
bxc5+ bxc5 48. dxc5+ Kxc5 49. Rad1 d4 50. Be4 Rb3 51. Rxd4 Rc7 52. Rxc4+ Kxc4
53. Rc1+ Kd4 54. Rxc7 Kxe4 55. Rc6 a5 56. Rc5 Rxb2 57. Rxa5 Rb6 58. Rc5 Rg6 59.
h4 gxh4 60. Rc4+ Kf5 61. Rxh4 Rb6 62. Kh3 Rb1 63. Rh5+ Kg6 64. Kg4 Rb4+ 65. f4
Ra4 66. Re5 Ra6 67. f5+ Kf6 68. Re6+ Rxe6 69. fxe6 Kxe6 70. Kh5 Kf5 71. g4+
1/2-1/2

[Event "CYCC U14"]
[Site "Calgary CAN"]
[Date "2023.07.22"]
[Round "7.83"]
[White "Huang, Nico"]
[Black "Hossain, Azher"]
[Result "0-1"]
[WhiteElo "1233"]
[BlackElo "1656"]
[PlyCount "84"]
[EventDate "2023.07.19"]
[EventType "swiss"]
[EventRounds "7"]
[EventCountry "CAN"]

1. e4 c6 2. d4 d5 3. e5 Bf5 4. Bd3 Bxd3 5. Qxd3 e6 6. Nf3 Qa5+ 7. c3 Qa6 8.
Qxa6 Nxa6 9. b4 Nc7 10. O-O h5 11. Nbd2 a5 12. bxa5 Rxa5 13. a4 b5 14. Bb2 bxa4
15. Ba3 Bxa3 16. Rxa3 Nb5 17. Ra2 Nxc3 18. Rc2 Nb5 19. Rxc6 Ne7 20. Rc5 O-O 21.
Nb1 Rc8 22. Rxc8+ Nxc8 23. Rc1 Ne7 24. Nc3 Nxc3 25. Rxc3 a3 26. Rc1 a2 27. Ra1
Nc6 28. Kf1 Nb4 29. Ne1 Ra3 30. Ke2 Rb3 31. Nd3 Nxd3 32. Rxa2 Nc1+ 33. Kd2 Nxa2
34. Kc2 Rc3+ 35. Kb2 Rd3 36. g4 hxg4 37. h3 Rd2+ 38. Kb3 gxh3 39. Ka3 h2 40. f4
h1=Q 41. f5 Qc1+ 42. Kb3 Qc2+ 0-1

[Event "CYCC U14"]
[Site "Calgary CAN"]
[Date "2023.07.22"]
[Round "7.84"]
[White "Hong, Zihan"]
[Black "Fang, Pengsen"]
[Result "1/2-1/2"]
[WhiteElo "1438"]
[BlackElo "930"]
[PlyCount "137"]
[EventDate "2023.07.19"]
[EventType "swiss"]
[EventRounds "7"]
[EventCountry "CAN"]

1. d4 Nf6 2. c4 e6 3. Nc3 Bb4 4. e3 O-O 5. Bd3 d5 6. Nf3 b6 7. Bd2 Bb7 8. a3
Bxc3 9. Bxc3 Nbd7 10. O-O dxc4 11. Bxc4 c5 12. Qe2 cxd4 13. Bxd4 Qe7 14. b4 Bd5
15. Bxd5 Nxd5 16. Rfd1 Rfd8 17. Ne5 Nxe5 18. Bxe5 Rac8 19. Rac1 Qg5 20. Bb2
Rxc1 21. Rxc1 Qe7 22. Rc6 Nf6 23. Rc4 h6 24. Rc7 Rd7 25. Bxf6 gxf6 26. Rc8+ Rd8
27. Rxd8+ Qxd8 28. h3 f5 29. Qc2 Qf6 30. Qc1 Qe5 31. g3 Qe4 32. Qc8+ Kg7 33.
Qb8 Qb1+ 34. Kg2 Qe4+ 35. Kh2 e5 36. Qc7 Qd5 37. h4 Qe4 38. Kg1 Qb1+ 39. Kg2
Qe4+ 40. Kh2 Qd5 41. Qc3 Kg6 42. a4 Qf3 43. Qc2 Kf6 44. b5 e4 45. Qd2 Kg7 46.
Qd4+ Kh7 47. Qd2 Kg7 48. Qc2 Kf6 49. Kg1 Kg6 50. Kf1 Qh1+ 51. Ke2 Qf3+ 52. Ke1
Qh1+ 53. Kd2 Qf1 54. Kc3 Qe1+ 55. Kb3 Qa1 56. Kc4 Qe5 57. Kb4 Kh7 58. Kb3 Qd5+
59. Qc4 Qd7 60. Kc3 Kg8 61. Qd4 Qc7+ 62. Kb3 Qc1 63. Qc3 Qb1+ 64. Kc4 Qa2+ 65.
Kd4 Qxa4+ 66. Qc4 Qa1+ 67. Kd5 Qf6 68. Qc6 Qe7 69. Qc8+ 1/2-1/2

[Event "CYCC U14"]
[Site "Calgary CAN"]
[Date "2023.07.22"]
[Round "7.85"]
[White "Zhu, Glyn"]
[Black "Liu, Shuheng"]
[Result "1/2-1/2"]
[WhiteElo "1213"]
[BlackElo "1438"]
[PlyCount "75"]
[EventDate "2023.07.19"]
[EventType "swiss"]
[EventRounds "7"]
[EventCountry "CAN"]

1. d4 Nf6 2. c4 e6 3. Nc3 Bb4 4. a3 Bxc3+ 5. bxc3 d5 6. cxd5 Nxd5 7. Qc2 O-O 8.
Nf3 b6 9. c4 Ne7 10. Bg5 Bb7 11. e3 Nd7 12. Bd3 h6 13. Bh4 c5 14. Bh7+ Kh8 15.
Be4 Bxe4 16. Qxe4 cxd4 17. Nxd4 Nc5 18. Qc2 Qc7 19. O-O Rad8 20. Rad1 a6 21.
Bxe7 Qxe7 22. Nc6 Qc7 23. Nxd8 Rxd8 24. Rxd8+ Qxd8 25. Rd1 Qe7 26. h3 g6 27.
Qb2+ Kh7 28. Qxb6 Qg5 29. Qc7 Kg7 30. Rd7 Nxd7 31. Qxd7 Qa5 32. a4 Qe1+ 33. Kh2
Qxf2 34. Qd4+ Qf6 35. c5 Qxd4 36. exd4 Kf6 37. Kg3 e5 38. Kf3 1/2-1/2

[Event "CYCC U14"]
[Site "Calgary CAN"]
[Date "2023.07.22"]
[Round "7.86"]
[White "Tan, Shuwen"]
[Black "Huang, Jonas"]
[Result "1-0"]
[WhiteElo "1415"]
[BlackElo "1080"]
[PlyCount "127"]
[EventDate "2023.07.19"]
[EventType "swiss"]
[EventRounds "7"]
[EventCountry "CAN"]

1. e4 e6 2. d4 d5 3. Nc3 Nf6 4. e5 Nfd7 5. f4 c5 6. Nf3 Nc6 7. Be3 Qb6 8. Na4
Qa5+ 9. Nc3 cxd4 10. Nxd4 Bb4 11. Qd2 a6 12. Bd3 Nb6 13. Nde2 Nc4 14. Bxc4 dxc4
15. O-O b5 16. a3 Bxc3 17. Qxc3 Qxc3 18. Nxc3 Bb7 19. Ne4 O-O 20. Nd6 Rab8 21.
Rab1 f6 22. Bb6 Bc8 23. Bc7 Ra8 24. Ne4 Ra7 25. Bd6 Rff7 26. Rbd1 fxe5 27. fxe5
Rxf1+ 28. Rxf1 Rf7 29. Rxf7 Kxf7 30. c3 Kg6 31. g4 h5 32. h3 hxg4 33. hxg4 Kf7
34. Kf2 g6 35. g5 Kg7 36. Ke3 Kf7 37. Bc7 Ke7 38. Kf4 Kd7 39. Bb6 Ke7 40. Bc5+
Kd7 41. Nd6 Nd8 42. Bb6 Ke7 43. Nxc8+ Kd7 44. Bxd8 Kxc8 45. Ba5 Kb8 46. Ke4 Kb7
47. Kd4 Kc6 48. Bd8 Kd7 49. Kc5 Kxd8 50. Kb6 Kd7 51. Kxa6 Kc6 52. Ka5 Kc5 53.
a4 bxa4 54. Kxa4 Kd5 55. Kb4 Kxe5 56. Kxc4 Kf4 57. b4 e5 58. b5 e4 59. b6 e3
60. b7 e2 61. b8=Q+ Kf3 62. Qe5 Kf2 63. Kd4 e1=N 64. Qxe1+ 1-0

[Event "CYCC U14"]
[Site "Calgary CAN"]
[Date "2023.07.22"]
[Round "7.87"]
[White "Wang, Dennis"]
[Black "Lomov, Peter"]
[Result "1/2-1/2"]
[WhiteElo "1358"]
[BlackElo "1007"]
[PlyCount "52"]
[EventDate "2023.07.19"]
[EventType "swiss"]
[EventRounds "7"]
[EventCountry "CAN"]

1. d4 d5 2. Bf4 Bf5 3. Nf3 e6 4. e3 h6 5. Bd3 Bxd3 6. Qxd3 c6 7. O-O Bd6 8.
Bxd6 Qxd6 9. Nbd2 Nf6 10. Ne5 O-O 11. c4 Nbd7 12. f4 b6 13. Rac1 c5 14. b3 Rac8
15. g4 Qe7 16. g5 hxg5 17. fxg5 Nh7 18. g6 Nhf6 19. gxf7+ Rxf7 20. Nxf7 Qxf7
21. Nf3 Qh5 22. Qe2 Ne4 23. Qg2 Qh6 24. Qe2 Qh5 25. Qg2 Qh6 26. Qe2 Qh5 1/2-1/2

[Event "CYCC U14"]
[Site "Calgary CAN"]
[Date "2023.07.22"]
[Round "7.88"]
[White "Suo, Luke"]
[Black "Shen, Caden"]
[Result "0-1"]
[WhiteElo "933"]
[BlackElo "1338"]
[PlyCount "86"]
[EventDate "2023.07.19"]
[EventType "swiss"]
[EventRounds "7"]
[EventCountry "CAN"]

1. d4 Nf6 2. Bg5 e6 3. e4 h6 4. Bxf6 Qxf6 5. a3 c5 6. c3 d5 7. e5 Qd8 8. Nf3
Nc6 9. b4 c4 10. Be2 Be7 11. O-O O-O 12. Nbd2 b5 13. a4 bxa4 14. Rxa4 a6 15.
Ne1 Qb6 16. f4 Nxd4 17. cxd4 Qxd4+ 18. Kh1 Bd7 19. Ra2 Bxb4 20. Nef3 Qxf4 21.
Qb1 Rfb8 22. Qc2 Qe3 23. Bd1 Bb5 24. Re1 Qa7 25. Be2 Rc8 26. Rb1 Qe7 27. Nd4
Qc5 28. Nxb5 axb5 29. Rab2 Bxd2 30. Rxb5 Qe3 31. Bf3 c3 32. R5b3 Qxe5 33. Rf1
Ra7 34. Bd1 Rb8 35. Bh5 Rxb3 36. Qxb3 Qxh5 37. Qb8+ Kh7 38. Qxa7 c2 39. Qa1 Qg5
40. Qa7 Qf5 41. Rxf5 c1=Q+ 42. Qg1 Qxg1+ 43. Kxg1 exf5 0-1

[Event "CYCC U14"]
[Site "Calgary CAN"]
[Date "2023.07.22"]
[Round "7.92"]
[White "Chow, Micah"]
[Black "Luan, Jacky"]
[Result "1/2-1/2"]
[WhiteElo "1016"]
[BlackElo "1447"]
[PlyCount "121"]
[EventDate "2023.07.19"]
[EventType "swiss"]
[EventRounds "7"]
[EventCountry "CAN"]

1. e4 e5 2. Nf3 Nc6 3. d4 exd4 4. Bc4 Nf6 5. O-O d5 6. exd5 Nxd5 7. Nxd4 Nxd4
8. Qxd4 Be6 9. Re1 Be7 10. Nc3 Nxc3 11. Qxc3 Bxc4 12. Qxc4 O-O 13. Bf4 Rc8 14.
Rad1 Bd6 15. c3 Qf6 16. Bxd6 cxd6 17. Qd5 Rc6 18. Re3 Rb6 19. b4 Ra6 20. Qxb7
Rxa2 21. Rf3 Qe6 22. h3 h6 23. Qd5 Qxd5 24. Rxd5 Ra6 25. Rfd3 Rd8 26. R3d4 Kf8
27. c4 Ke7 28. b5 Ra1+ 29. Kh2 Rc1 30. Kg3 g6 31. h4 h5 32. f3 f5 33. Kf4 Ke6
34. Kg5 Rxc4 35. Kxg6 Rxd4 36. Rxd4 d5 37. f4 Rg8+ 38. Kh7 Rxg2 39. Kh6 Rg8 40.
Ra4 Rb8 41. Rxa7 Rxb5 42. Kxh5 d4 43. Kg5 d3 44. Ra2 Rd5 45. Rd2 Rd8 46. h5
Rg8+ 47. Kh4 Rd8 48. Kg5 Rg8+ 49. Kh4 Rg4+ 50. Kh3 Rxf4 51. Rxd3 Kf6 52. Rg3
Re4 53. h6 Re8 54. Kh4 Re4+ 55. Kh5 Re1 56. Rg6+ Kf7 57. Rg7+ Kf8 58. Kg6 Rg1+
59. Kf6 Rxg7 60. hxg7+ Kg8 61. Kxf5 1/2-1/2

[Event "CYCC U14"]
[Site "Calgary CAN"]
[Date "2023.07.22"]
[Round "7.93"]
[White "Huang, Eric"]
[Black "Zhan, Austin"]
[Result "1/2-1/2"]
[WhiteElo "1366"]
[BlackElo "1063"]
[PlyCount "73"]
[EventDate "2023.07.19"]
[EventType "swiss"]
[EventRounds "7"]
[EventCountry "CAN"]

1. d4 Nf6 2. c4 e6 3. Nf3 d5 4. Bg5 Be7 5. e3 Nbd7 6. Nc3 O-O 7. Bd3 dxc4 8.
Bxc4 Nb6 9. Bd3 Nbd5 10. Qe2 Nxc3 11. bxc3 h6 12. Bxf6 Bxf6 13. e4 c5 14. e5
Be7 15. Qe4 g6 16. O-O Qd5 17. Qg4 Kg7 18. h4 h5 19. Qf4 Rb8 20. g4 hxg4 21.
Qxg4 Rh8 22. Ng5 Bxg5 23. Qxg5 Qf3 24. Qg3 Qh5 25. Kg2 Qxh4 26. Rh1 Qxg3+ 27.
Kxg3 Bd7 28. Kf4 Bc6 29. Be4 Bxe4 30. Kxe4 cxd4 31. cxd4 Rxh1 32. Rxh1 Rc8 33.
Kd3 b6 34. a4 Rc7 35. Rb1 Rb7 36. Kc4 a6 37. Rb2 1/2-1/2

[Event "CYCC U14"]
[Site "Calgary CAN"]
[Date "2023.07.22"]
[Round "7.94"]
[White "Arora, Ishaan"]
[Black "Liu, Junxi"]
[Result "1-0"]
[WhiteElo "1283"]
[BlackElo "970"]
[PlyCount "44"]
[EventDate "2023.07.19"]
[EventType "swiss"]
[EventRounds "7"]
[EventCountry "CAN"]

1. c4 g6 2. g3 Bg7 3. Bg2 Nf6 4. Nc3 O-O 5. d4 d6 6. e4 Nbd7 7. Nge2 e5 8. d5
Ne8 9. O-O f5 10. Be3 h6 11. f4 Nef6 12. Qc1 exf4 13. Bxf4 g5 14. Bd2 Nc5 15.
exf5 Ne8 16. g4 Nf6 17. h3 Qe8 18. Ng3 c6 19. Re1 Qd7 20. Qc2 cxd5 21. Nxd5 Re8
22. Rxe8+ Qxe8 1-0

[Event "CYCC U14"]
[Site "Calgary CAN"]
[Date "2023.07.22"]
[Round "7.96"]
[White "Li, Lucas"]
[Black "Wangluo, May"]
[Result "1-0"]
[WhiteElo "1248"]
[BlackElo "799"]
[PlyCount "95"]
[EventDate "2023.07.19"]
[EventType "swiss"]
[EventRounds "7"]
[EventCountry "CAN"]

1. Nf3 d5 2. d4 c5 3. Bf4 Nc6 4. e3 Nf6 5. Nc3 Bg4 6. Bb5 Qa5 7. O-O e6 8. h3
Bf5 9. Ne5 Qb6 10. Qe2 Be7 11. Na4 Qd8 12. Nxc6 bxc6 13. Bxc6+ Nd7 14. Bxa8
Qxa8 15. dxc5 Qc6 16. Nc3 Bxc5 17. Qb5 Qxb5 18. Nxb5 O-O 19. c4 Bd3 20. Rfd1
Bxc4 21. Nd6 Be2 22. Rd2 Bh5 23. a3 a5 24. Nb7 Bb6 25. b4 axb4 26. axb4 f6 27.
Bd6 Rc8 28. g4 Bg6 29. Rdd1 Be4 30. Rdc1 Re8 31. Bc5 Bc7 32. Nd6 Bxd6 33. Bxd6
Nb6 34. Rc7 e5 35. Bc5 Nc4 36. Raa7 g5 37. b5 Rb8 38. b6 Nxb6 39. Bxb6 d4 40.
Kf1 Bf3 41. Ke1 h6 42. Kd2 Bg2 43. exd4 Bxh3 44. Bc5 Rb2+ 45. Kc1 Rb8 46. Rg7+
Kh8 47. Rh7+ Kg8 48. Rag7# 1-0

[Event "CYCC U14"]
[Site "Calgary CAN"]
[Date "2023.07.22"]
[Round "7.97"]
[White "Saini, Eshan"]
[Black "Martin, Dominic"]
[Result "0-1"]
[WhiteElo "1242"]
[BlackElo "893"]
[PlyCount "112"]
[EventDate "2023.07.19"]
[EventType "swiss"]
[EventRounds "7"]
[EventCountry "CAN"]

1. e4 e5 2. Nf3 Nc6 3. Bc4 Bc5 4. O-O Nf6 5. Nc3 d6 6. d3 Bg4 7. Na4 Bb6 8. h3
Bh5 9. Be3 h6 10. Nc3 O-O 11. a4 Qd7 12. a5 Nxa5 13. Bxb6 axb6 14. Qe2 Nxc4 15.
dxc4 Rfd8 16. Qd3 c6 17. Rfe1 Bxf3 18. Qxf3 d5 19. cxd5 cxd5 20. exd5 Rxa1 21.
Rxa1 Nxd5 22. Rd1 e4 23. Qxe4 Nxc3 24. bxc3 Qxd1+ 25. Kh2 Qd6+ 26. g3 Qc6 27.
Qh4 Rd2 28. Qf4 Qxc3 29. Qb8+ Kh7 30. Qf4 Qa5 31. Qe4+ f5 32. Qf4 Rd5 33. g4
Qd2 34. Qf3 Qd4 35. c3 Qe5+ 36. Kg1 fxg4 37. hxg4 Qe1+ 38. Kh2 Rg5 39. Qd3+ Rg6
40. Kg2 Qe6 41. g5 Qg4+ 42. Kf1 Qxg5 43. c4 Qc5 44. Qe4 b5 45. cxb5 Qxb5+ 46.
Ke1 Qb2 47. f4 b5 48. Kf1 Qc1+ 49. Kf2 Qd2+ 50. Kf1 b4 51. f5 Rf6 52. Qg4 Qd3+
53. Kg1 Qxf5 54. Qg3 Qf1+ 55. Kh2 Rf2+ 56. Qg2 Qxg2# 0-1

[Event "CYCC U14"]
[Site "Calgary CAN"]
[Date "2023.07.22"]
[Round "7.99"]
[White "Makogon, Nikita"]
[Black "Singh, Harshpreet"]
[Result "1/2-1/2"]
[WhiteElo "1340"]
[BlackElo "649"]
[PlyCount "56"]
[EventDate "2023.07.19"]
[EventType "swiss"]
[EventRounds "7"]
[EventCountry "CAN"]

1. e4 e6 2. d4 d5 3. Nc3 Bb4 4. exd5 exd5 5. Bd2 Nc6 6. Bb5 Bxc3 7. bxc3 Bd7 8.
Nf3 Qe7+ 9. Be2 Nf6 10. O-O O-O 11. h3 Ne4 12. c4 Nxd2 13. Qxd2 Be6 14. cxd5
Bxd5 15. c4 Na5 16. Rfe1 Qd6 17. Qc2 Bxc4 18. Bxc4 Nxc4 19. Nd2 Nxd2 20. Qxd2
Rfe8 21. Rxe8+ Rxe8 22. Re1 Rxe1+ 23. Qxe1 Qe6 24. Qxe6 fxe6 25. Kf1 Kf7 26.
Ke2 Ke7 27. Kd3 Kd6 28. f4 c6 1/2-1/2